Geochémia 2009 Bratislava 2.-3. decembra 2009

Podrobná bibliografia
Hlavní autori: Jurkovič, Ľ. (Author), Slaninka, I. (Author), Ďurža, O. (Author)
Médium: Článok
Jazyk:Slovak
Témy:
Zdroj: 1. Mineralia slovaca 1. Roč. 42, č. 2 (2010) 1. 0369-2086
2. Príl.: 2. Geovestník 2. Č. 2 (2010), s. 261-262
LEADER 00972nab#a2200361#ar4500
001 000103434
003 SVKKK
005 20101222130452.0
008 080509c2010 xo |||||||||||||||b|slo
FMT
015 |a SNBRB2010/12 
038 |a SVKKK 
040 |a SVKKK  |b slo  |e AACR2 
041 0 |a slo  |b eng 
044 |a xo  |c SK 
080 |a 550.4  |2 1997 
080 |a 061.3  |2 1997 
100 1 |a Jurkovič, Ľ.  |4 aut 
245 1 0 |a Geochémia 2009  |b Bratislava 2.-3. decembra 2009  |c Ľ. Jurkovič, I. Slaninka, O. Ďurža 
300 |b Obr. 
546 |a Res. angl. 
611 2 4 |a Geochémia  |g seminár  |d (2009 :  |c Bratislava, Slovensko) 
650 0 4 |a geochémia  |x semináre  |x r. 2009 
700 1 |a Slaninka, I.  |4 aut 
700 1 |a Ďurža, O.  |4 aut 
773 0 |t Mineralia slovaca  |g Roč. 42, č. 2 (2010)  |x 0369-2086 
773 0 |i Príl.:  |t Geovestník  |g Č. 2 (2010), s. 261-262 
974 |a Ni 
992 |a RBX 
BAS
852 |a SVKKK  |b BIB 
EXP
998 |a GEO